Non-Self Governing Territories - Statistics

General Stats
  • This quiz has been taken 44 times
  • The average score is 11 of 17
Answer Stats
Continent Country Answer % Correct
Europe United Kingdom Gibraltar
87%
Africa Morocco (de facto) Western Sahara
84%
North America United Kingdom Bermuda
79%
Oceania United States Guam
79%
North America United States United States Virgin Islands
76%
Oceania France New Caledonia
74%
Oceania France French Polynesia
68%
North America United Kingdom Cayman Islands
66%
North America United Kingdom Montserrat
66%
North America United Kingdom British Virgin Islands
63%
North America United Kingdom Anguilla
61%
Oceania United States American Samoa
58%
North America United Kingdom Turks and Caicos Islands
58%
South America United Kingdom Falkland Islands
55%
Oceania United Kingdom Pitcairn Islands
47%
Africa United Kingdom Saint Helena, Ascension and Tristan da Cunha
42%
Oceania New Zealand Tokelau
42%
No matching quizzes found
Score Distribution
Percent of People with Each Score
Percentile by Number Answered
Your Score History
You have not taken this quiz